| Tag |
First Indicator |
Second Indicator |
Subfields |
| LEADER |
00000cam a2200000Ia 4500 |
| 001 |
in00002766621 |
| 005 |
20150922114145.0 |
| 006 |
m u |
| 007 |
co cg||||||||| |
| 008 |
120904s2012 txua q s000 0 eng d |
| 035 |
|
|
|a (OCoLC)ocn809044768
|
| 035 |
|
|
|a (OCoLC)809044768
|
| 040 |
|
|
|a TXA
|c TXA
|d UtOrBLW
|
| 049 |
|
|
|a TXAM
|
| 090 |
|
|
|a HE203
|b .T43 no. 0-6362-01-P2
|
| 100 |
1 |
|
|a Shon, Chang-Seon.
|
| 245 |
1 |
0 |
|a Instructions for detecting sulfates using the Veris 3150.
|
| 264 |
|
1 |
|a College Station, Tex. :
|b Texas Transportation Institute, Texas A & M University System,
|c 2012.
|
| 300 |
|
|
|a 1 CD-ROM :
|b color ;
|c 4 3/4 in.
|
| 336 |
|
|
|a text
|b txt
|2 rdacontent
|
| 337 |
|
|
|a computer
|b c
|2 rdamedia
|
| 338 |
|
|
|a computer disc
|b cd
|2 rdacarrier
|
| 490 |
1 |
|
|a Report ;
|v 0-6362-01-P2
|
| 500 |
|
|
|a Title from disc surface.
|
| 500 |
|
|
|a "Author(s): C. Shon. Publication date: June 2012. Report number: 0-6362-01-P2."-- Texas Transportation Institute publications webpage (viewed September 4, 2012).
|
| 500 |
|
|
|a Resource is CD-ROM with PowerPoint/PDF/video files.
|
| 538 |
|
|
|a System requirements: CD-ROM drive, PDF reader, Microsoft PowerPoint, video media player.
|
| 536 |
|
|
|a Texas Transportation Institute project no.
|f 5-6362-01
|
| 530 |
|
|
|a Also available online.
|
| 500 |
|
|
|a Electronic resource.
|
| 650 |
|
0 |
|a Soils
|x Sulfur content
|x Measurement.
|
| 650 |
|
0 |
|a Soil stabilization
|x Measurement.
|
| 710 |
2 |
|
|a Texas Transportation Institute.
|
| 830 |
|
0 |
|a Research report (Austin, Tex.) ;
|v 0-6362-01-P2.
|
| 856 |
4 |
1 |
|u http://tti.tamu.edu/documents/5-6362-01-P2.zip
|z Online version.
|t 0
|
| 994 |
|
|
|a C0
|b TXA
|
| 948 |
|
|
|a cataloged
|b h
|c 2012/9/4
|d c
|e agaffey
|f 9:47:16 am
|
| 999 |
|
|
|a MARS
|
| 999 |
f |
f |
|s 0c60818e-ec30-3330-89a5-e24a690343c2
|i f5adf332-c713-3f4d-b59d-945d996673e5
|t 0
|
| 952 |
f |
f |
|p noncirc
|a Texas A&M University
|b College Station
|c Cushing Memorial Library & Archives
|d Cushing: Texas A&M Publications (Remote Storage: 2-3 day retrieval)
|t 0
|e HE203 .T43 no. 0-6362-01-P2
|h Library of Congress classification
|i computer -- computer disc
|
| 952 |
f |
f |
|p ric
|a Texas A&M University
|b Rellis Campus
|c Joint Library Facility
|d Remote Storage
|t 0
|e HE203 .T43 no. 0-6362-01-P2
|h Library of Congress classification
|i computer -- computer disc
|m A14841514382
|
| 998 |
f |
f |
|a HE203 .T43 no. 0-6362-01-P2
|t 0
|l Remote Storage
|
| 998 |
f |
f |
|a HE203 .T43 no. 0-6362-01-P2
|t 0
|l Cushing: Texas A&M Publications (Remote Storage: 2-3 day retrieval)
|